=LDR 00000nam 2200000 4500 =001 INLIS000000000025777 =005 20130612124248 =008 ***********************************Ind** =035 ##$$0010-061300000025777 =041 ##$$a Ind =082 ##$$a 372 =090 ##$$a 372, Sai i =100 ##$$a Saidihardjo =245 ##$$a Ilmu sejarah sosial, Sejarah nasional, Saidihardjo =260 ##$$a 1994 $b Jakarta =300 ##$$a 80 hlm, ilus, 21 cm =650 ##$$a Sjarah nasional =850 ##$$a NBPNMAT